00512cam a2200157 4500008004100000020001800041035002000059050002100079245009300100250001300193260003800206300001500244440002900259504004800288650001800336140325n 000 0 eng u a9780314189882 a(Sirsi) a182998 aKF 9618 BAS 2008 aBasic criminal procedure : bcases, comments and questions /cby Yale Kamisar...[et al.] a12th ed. aSt. Paul, MN : bThomson, c2008. axi, 965 p. aAmerican casebook series aCriminal procedure - United States - Cases. aKamisar, Yale